000
00372nam a22001457a 4500
005
20151130113642.0
008
151130b xxu||||| |||| 00| 0 eng d
040
_c
PK-LaUMT
082
_a
MSC 923.1
_b
SAT-A
100
_a
ستار طاہر
245
_a
آخری بیان
_c
ستار طاہر
260
_a
لاہور
_b
کلاسیک
_c
1986
300
_a
163 ص
942
_c
BK
999
_c
79203
_d
79203